=LDR 00000nam 2200000 4500 =001 INLIS000000000061164 =005 20220912021138 =035 ##$$a 0010-0822000074 =007 ta =008 220912###########################0#ind## =020 ##$$a 978-979-071-335-2 =082 ##$$a 346.56 =084 ##$$a 346.56 Dja p =100 #$$a Djaja S. Meliala =245 1#$$a Perkembangan Hukum Perdata Tentang Benda dan Hukum Perikatan /$c Djaja S. Meliala =260 ##$$a Bandung :$b Nuansa Aulia,$c 2019 =300 ##$$a x, 294 halaman ; $c 21 cm =990 ##$$a 5202202192